00278nam a2200097Ia 4500008004100000100001900041245005200060260004200112260000900154999001700163170620s9999 xx 000 0 und d aGhanta- Ramesh 0aEnvironmental Education- Problems and prospects bNew Delhi- Discovery Publishing House c2005 c24355d24355